[Event "45th Olympiad 2024"]
[Site "Budapest HUN"]
[Date "2024.09.12"]
[Round "2.42"]
[Board "2"]
[White "Meshkovs, Nikita"]
[Black "Karimov, Alisher"]
[Result "1-0"]
[WhiteElo "2534"]
[BlackElo "2240"]
[PlyCount "95"]
[EventDate "2024.09.11"]
[WhiteTeam "Latvia"]
[BlackTeam "Tajikistan"]
[WhiteTeamCountry "LAT"]
[BlackTeamCountry "TJK"]

1. d4 Nf6 2. Bg5 Ne4 3. h4 c5 4. Nd2 Nxg5 ({RR} 4... Nxd2 5. Bxd2 cxd4 6. c3 Nc6 7. cxd4 Nxd4 8. Nf3 Nxf3+ 9. exf3 e6 10. Bc3 d6 11. h5 h6 12. Qb3 a6 13. f4 b5 14. a4 Bd7 15. axb5 axb5 16. Bxb5 Rxa1+ 17. Kd2 Rxh1 18. Bxd7+ Qxd7 19. Qb8+ {0-1 Meshkovs,N (2540)-Pranav,V (2587) Titled Tue 28th May Early 2024 (7)}) ({RR} 4... Nxd2 5. Qxd2 cxd4 6. Nf3 Nc6 7. Nxd4 Qb6 8. Nxc6 bxc6 9. c3 h6 10. Be3 c5 11. b4 e6 12. Rd1 Qc7 13. b5 d5 14. Bf4 Bd6 15. Bxd6 Qxd6 16. e4 O-O 17. Be2 Bb7 18. O-O Rfd8 19. c4 {1-0 Timerkhanov,A (2311)-Danielian,V (2230) Titled Tue 21st May Early 2024 (3)}) 5. d5 $146 ({RR} 5. hxg5 cxd4 6. Ngf3 Nc6 7. Nb3 e5 8. a3 d5 9. Qd2 a5 10. e3 a4 11. Nbxd4 exd4 12. exd4 Be7 13. Bd3 g6 14. Qf4 Qd6 15. Ne5 Nxe5 16. dxe5 Qd8 17. Qd4 Be6 18. f4 Qa5+ 19. Qc3 Qxc3+ {0-1 Stasinkiewicz,A (1785)-Kolodziejski,G (1543) Rubinstein Memorial-C 54th 2018 (1)}) ({RR} 5. hxg5 cxd4 6. Nb3 e5 7. Qd2 Nc6 8. O-O-O Be7 9. Nf3 d5 10. e3 dxe3 11. fxe3 Be6 12. Bb5 Qc7 13. Qc3 f6 14. g6 h6 15. Nc5 Bxc5 16. Qxc5 a6 17. Ba4 O-O-O 18. Bb3 Qa5 19. Qxa5 Nxa5 {0-1 Morilla Morilla,C-Cuevas Fernandez,M Gijon op 2002 (7)}) 5... Ne6 6. dxe6 dxe6 7. h5 Nc6 8. e3 e5 9. Qf3 e6 10. O-O-O Qd5 11. Bb5 Qxf3 12. Ngxf3 f6 13. Ne4 Be7 14. Bxc6+ bxc6 15. Nd6+ Bxd6 16. Rxd6 Bd7 17. Rhd1 O-O-O 18. Nd2 Be8 19. Rxd8+ Kxd8 20. Ne4+ Kc8 21. Nxc5 Bxh5 22. Rd6 Rd8 23. Rxc6+ Kb8 24. f3 Rc8 25. Nd7+ Kb7 26. Rxe6 Rc7 27. Rd6 Be8 28. Nf8 h5 29. Ne6 Re7 30. c4 h4 31. Kd2 Kc8 32. Rd8+ Kb7 33. Nc5+ Kc7 34. Ra8 Kb6 35. b4 Bc6 36. Rb8+ Kc7 37. Na6+ Kd6 38. b5 Bb7 39. Rd8+ Ke6 40. Nc5+ Kf5 41. Rb8 e4 42. Nxb7 exf3 43. gxf3 g5 44. Nd6+ Ke5 45. Ne4 g4 46. Rh8 gxf3 47. Nf2 Rg7 48. Nd3+ 1-0

[Event "45th Olympiad 2024"]
[Site "Budapest HUN"]
[Date "2024.09.12"]
[Round "2.42"]
[Board "3"]
[White "Ilkhomi, Jaloliddin"]
[Black "Kantans, Toms"]
[Result "1/2-1/2"]
[WhiteElo "2227"]
[BlackElo "2486"]
[PlyCount "120"]
[EventDate "2024.09.11"]
[WhiteTeam "Tajikistan"]
[BlackTeam "Latvia"]
[WhiteTeamCountry "TJK"]
[BlackTeamCountry "LAT"]

1. Nf3 Nf6 2. c4 c5 3. Nc3 Nc6 4. g3 d5 5. cxd5 Nxd5 6. Bg2 Nc7 7. O-O e5 8. d3 Be7 9. Nd2 O-O 10. Nc4 f6 11. f4 exf4 12. gxf4 f5 ({RR} 12... Bd7 13. Ne3 Kh8 14. b3 Rb8 15. Bb2 b5 16. Qd2 Nd4 17. Rac1 Bc6 18. Bxc6 Nxc6 19. Ne4 Na6 20. Nf5 Re8 21. Qe3 Bf8 22. Qg3 Rb7 23. h4 Rf7 24. h5 Qd5 25. Qg4 Nd4 26. Bxd4 cxd4 27. Kh2 {0-1 Ramirez Alvarez,A (2567)-Nepomniachtchi,I (2784) Titled Tuesday intern op 9th June blitz 2020 (5)}) ({RR} 12... Be6 13. f5 Bf7 14. Bf4 Qd7 15. Bxc7 Qxc7 16. Bd5 Bd6 17. Rf2 Be5 18. Nxe5 Qxe5 19. e4 Rad8 20. Bxf7+ Rxf7 21. Nd5 Rfd7 22. Rc1 Nb4 23. Nxb4 cxb4 24. Qb3+ Kh8 25. Qxb4 Rxd3 26. Qxb7 h6 27. Rc8 {½-½ Alienkin,A (2331)-Maerevoet,S (2436) ch-BEL 2024 Lier BEL (4.2)}) 13. Be3 Qe8 $146 ({RR} 13... Rf6 14. Rf3 Rb8 15. Rg3 Be6 16. Rc1 Qe8 17. Kh1 Rd8 18. Qg1 b6 19. Nd2 Bf8 20. Nf3 Nd5 21. Bd2 Rg6 22. Ng5 Nxc3 23. bxc3 Bd5 24. e4 fxe4 25. f5 Rf6 26. c4 Bf7 27. Bxe4 Nd4 28. Re1 {½-½ Kharitonov,E (2316)-Gritsenko,A (2319) Primorie-ch PL 2006 (3)}) ({RR} 13... Be6 14. Bf2 Nd5 15. Nxd5 Bxd5 16. Nd2 Bxg2 17. Kxg2 Qd5+ 18. Nf3 Bf6 19. Qc2 b6 20. a3 Rfe8 21. Rfe1 Qd6 22. e3 Re6 23. Bh4 Bxh4 24. Nxh4 Rae8 25. Nxf5 Qf8 26. e4 g6 27. Ne3 Qxf4 28. Qf2 {½-½ Schachinger,M (2350)-Likavsky,T (2476) AUT-chT 0910 2009 (7.5)}) 14. Ne5 Nxe5 15. fxe5 Be6 16. Bxb7 Rb8 17. Bg2 Rxb2 18. Na4 Rb5 19. Qc2 Nd5 20. Bd2 Nb4 21. Bxb4 cxb4 22. d4 Ra5 23. Nc5 Bxc5 24. dxc5 Qb8 25. c6 Qxe5 26. Qb1 Qd4+ 27. Kh1 Bd5 28. Qd3 Qxd3 29. exd3 Rc8 30. Bxd5+ Rxd5 31. Rac1 Rc7 32. Rc4 a5 33. d4 Kf7 34. Re1 g6 35. Kg2 Kf6 36. Kf3 Rd6 37. Rec1 Ke6 38. Ke3 Rd5 39. Rc5 a4 40. Kd3 Rxc5 41. Rxc5 Kd6 42. Rb5 Rxc6 43. Rxb4 Rc1 44. Rxa4 Rh1 45. Ra6+ Kd5 46. Ra5+ Kc6 47. Rc5+ Kd6 48. Rc2 Rf1 49. Ke3 g5 50. a4 f4+ 51. Ke4 f3 52. a5 g4 53. a6 Ra1 54. Kf4 h5 55. h3 Kd5 56. hxg4 hxg4 57. Rf2 Rxa6 58. Kxg4 Ke4 59. Rxf3 Rg6+ 60. Kh5 Kxf3 1/2-1/2

[Event "45th Olympiad 2024"]
[Site "Budapest HUN"]
[Date "2024.09.12"]
[Round "2.43"]
[Board "1"]
[White "Gazik, Viktor"]
[Black "Susilodinata, Andrean"]
[Result "1-0"]
[WhiteElo "2561"]
[BlackElo "2393"]
[PlyCount "81"]
[EventDate "2024.09.11"]
[WhiteTeam "Slovakia"]
[BlackTeam "Indonesia"]
[WhiteTeamCountry "SVK"]
[BlackTeamCountry "INA"]

1. e4 c6 2. Nf3 d5 3. e5 Bf5 4. Nh4 Bd7 ({RR} 4... Nh6 5. d4 e6 6. Nf3 c5 7. Be2 Nc6 8. O-O Bg6 9. Nbd2 Nf5 10. dxc5 Bxc5 11. Nb3 Bb6 12. Bg5 Qc7 13. Re1 O-O 14. Bf1 Bh5 15. Qd3 Bxf3 16. Qxf3 Nxe5 17. Qh3 Nc4 18. Rab1 h6 19. Bc1 {0-1 Mamedov,R (2636)-Eljanov,P (2694) Julius Baer Play-In Match 2023 (1.2)}) 5. Nf3 $146 ({RR} 5. d4 c5 6. c3 Nc6 7. Be3 Qb6 8. Qd2 cxd4 9. cxd4 e6 10. Be2 f6 11. f4 Be7 12. Nf3 Nh6 13. h3 O-O 14. Nc3 Rac8 15. Bd3 fxe5 16. fxe5 Nf5 17. Bf2 Na5 18. Rc1 Nc4 19. Bxc4 Rxc4 {0-1 Zairbek Kyzy,B (1919)-Afonasieva,A (2245) Wch U18 Girls 2018 (11.10)}) ({RR} 5. c3 c5 6. Be2 Nc6 7. d4 cxd4 8. cxd4 Qb6 9. Nc3 Qxd4 10. Nxd5 O-O-O 11. Nf3 Qxd1+ 12. Bxd1 Bg4 13. Nc3 Bxf3 14. Bxf3 Nxe5 15. Ke2 Nxf3 16. Kxf3 e6 17. Be3 a6 18. Rac1 Kb8 19. Na4 Nf6 {½-½ Bugaj,H (1912)-Wu,Y (1723) IV FIA 2024 Lanzarote ESP (7.4)}) ({RR} 5. f4 c5 6. Nc3 e6 7. Nf3 d4 8. Ne4 f5 9. exf6 Nxf6 10. Ng3 Bd6 11. Ne5 O-O 12. Be2 Nc6 13. Nxd7 Qxd7 14. O-O Nd5 15. d3 Bxf4 16. Bxf4 Rxf4 17. Rxf4 Nxf4 18. Bf3 Nd5 19. Ne4 b6 {0-1 Gutmann,A-Werner,A Baden-ch AT Ladenburg 1992 (5)}) 5... c5 6. c4 d4 7. g3 Nc6 8. Bg2 Bg4 9. Qe2 d3 10. Qe3 g6 11. Na3 Rc8 12. Ng5 Bh6 13. f3 Bxg5 14. Qxg5 Be6 15. b3 Qd4 16. Rb1 Qxe5+ 17. Qxe5 Nxe5 18. Bb2 f6 19. Kf2 Nc6 20. Rhe1 Bf5 21. Nb5 Rd8 22. f4 Kf7 23. Ba3 a6 24. Nc3 Nb4 25. Bxb7 Rb8 26. Bf3 Nc2 27. Bxc5 Nxe1 28. Rxe1 h5 29. b4 e6 30. b5 Rc8 31. Bd6 Ne7 32. bxa6 Nc6 33. Rb1 Rhd8 34. c5 e5 35. Bd5+ Ke8 36. fxe5 fxe5 37. Rb7 Rd7 38. Ne4 Kd8 39. Nf6 Ne7 40. Rxd7+ Bxd7 41. Bxe7+ 1-0

[Event "45th Olympiad 2024"]
[Site "Budapest HUN"]
[Date "2024.09.12"]
[Round "2.43"]
[White "Cahaya, Satria Duta"]
[Black "Sahidi, Samir"]
[Result "1-0"]
[WhiteElo "2219"]
[BlackElo "2474"]
[PlyCount "125"]
[EventDate "2024.09.11"]
[WhiteTeam "Indonesia"]
[BlackTeam "Slovakia"]
[WhiteTeamCountry "INA"]
[BlackTeamCountry "SVK"]

1. e4 e5 2. Nf3 Nc6 3. Bc4 Nf6 4. d3 Bc5 5. O-O d6 6. c3 a6 7. Bb3 Ba7 8. Re1 h6 9. Nbd2 O-O 10. h3 Be6 11. Bc2 Re8 12. Nf1 d5 13. exd5 Bxd5 14. Ng3 Qd7 15. Nh4 Rad8 16. Nhf5 Kh8 $146 ({RR} 16... Ne7 17. Rxe5 Nxf5 18. Rxf5 Qe6 19. Bd2 g6 20. Rf4 c5 21. Rh4 h5 22. Bg5 Rd7 23. Bb3 Bxb3 24. axb3 Qc6 25. Bxf6 Qxf6 26. Re4 Red8 27. Re3 Bb8 28. Ne4 Qc6 29. Qe2 Kg7 30. Re1 b6 31. g3 {½-½ Kadric,D (2562)-Abramovic,B (2422) SRB Central-ch op-A 9th 2016 (4)}) ({RR} 16... Be6 17. Qf3 Bd5 18. Nxh6+ Kh7 19. Ne4 Nxe4 20. dxe4 Be6 21. Nf5 g6 22. Bg5 gxf5 23. exf5 Bd5 24. Qh5+ Kg7 25. f6+ Kg8 26. Qh7+ Kf8 27. Bh6# {1-0 Leiva,G (2394)-Luo,T (2316) Titled Tue 2nd Jul Early 2024 (4)}) ({RR} 16... Ne7 17. Rxe5 Nxf5 18. Rxf5 Qe7 19. Bf4 Be6 20. Re5 Nd5 21. Qf3 Nxf4 22. Qxf4 c6 23. Re2 Bb8 24. Qf3 Qd7 25. d4 Bc4 26. Ree1 Bxg3 27. Qxg3 c5 28. Rxe8+ Qxe8 29. b3 Qe2 30. Rc1 cxd4 31. Qc7 {1-0 Kadric,D (2562)-Lazic,M (2476) BIH-chT 15th 2016 (8.2)}) 17. Qd2 Ng8 18. Qe2 Re6 19. Be3 Bxe3 20. fxe3 Nce7 21. e4 Bc6 22. Qe3 Nxf5 23. Nxf5 Ne7 24. Ng3 Ba4 25. Bxa4 Qxa4 26. Red1 Red6 27. Rd2 b6 28. Qf3 f6 29. Nh5 Qe8 30. Rad1 c5 31. Kh2 Qf7 32. a3 a5 33. g4 Ng6 34. Ng3 Nf4 35. Nf5 R6d7 36. d4 cxd4 37. cxd4 g6 38. Ng3 Rc7 39. Qe3 Rb8 40. Ne2 g5 41. dxe5 fxe5 42. Ng3 a4 43. Rd6 Qb3 44. Rxh6+ Kg8 45. Qxb3+ axb3 46. Nf5 Rh7 47. Rxh7 Kxh7 48. Rd7+ Kh8 49. Nd6 Kg8 50. Kg3 b5 51. Nf5 Kh8 52. Ne7 Rf8 53. Nd5 Nd3 54. Nf6 Rxf6 55. Rxd3 Rf4 56. Rxb3 Rxe4 57. Rxb5 Re3+ 58. Kg2 Kg7 59. a4 Kf7 60. a5 Re1 61. Kf2 Rb1 62. b4 Ke6 63. a6 1-0

[Event "45th Olympiad 2024"]
[Site "Budapest HUN"]
[Date "2024.09.12"]
[Round "2.43"]
[Board "3"]
[White "Druska, Juraj"]
[Black "Ulhaq, Zacky Dhia"]
[Result "1-0"]
[WhiteElo "2441"]
[BlackElo "2203"]
[PlyCount "71"]
[EventDate "2024.09.11"]
[WhiteTeam "Slovakia"]
[BlackTeam "Indonesia"]
[WhiteTeamCountry "SVK"]
[BlackTeamCountry "INA"]

1. e4 e5 2. Nf3 Nc6 3. Bb5 a6 4. Ba4 Nf6 5. O-O Be7 6. d3 b5 7. Bb3 d6 8. Bd2 O-O 9. h3 h6 10. Re1 Bd7 ({RR} 10... Re8 11. a3 Bf8 12. Nc3 Rb8 13. Ba2 Ne7 14. Nh4 g5 15. Nf3 Ng6 16. Nh2 c6 17. Ne2 d5 18. Ng3 dxe4 19. dxe4 Rb7 20. Qf3 Nf4 21. Rad1 Rd7 22. Be3 Rxd1 23. Rxd1 Qe7 24. Ng4 Nxg4 25. hxg4 {1-0 Carlsen,M (2872)-Vitiugov,N (2747) Tata Steel-A 82nd 2020 (8)}) 11. a3 $146 ({RR} 11. c4 b4 12. a3 a5 13. Be3 Re8 14. Nbd2 Bf8 15. Rc1 Be6 16. Kh2 Nb8 17. d4 exd4 18. Nxd4 Bd7 19. Bc2 c5 20. Ne2 Bc6 21. Ng3 Nbd7 22. f4 g6 23. Bf2 h5 24. Ngf1 Bh6 25. Qf3 Nh7 {1-0 Movahed,S (2528)-Barria Santos,J (2411) 45th Olympiad 2024 (2.10)}) ({RR} 11. c3 Na5 12. Bc2 c5 13. d4 Nc4 14. Bc1 cxd4 15. cxd4 Qc7 16. d5 Rfc8 17. Bd3 Kh7 18. Nbd2 g6 19. b3 Nb6 20. Bb2 Nh5 21. Rc1 Qb7 22. Rxc8 Rxc8 23. Qb1 Nf4 24. Bf1 Bf6 25. Rc1 Rf8 {0-1 Ronka,E (2273)-Kim,Y (2304) Titled Tue 1st Aug Early 2023 (3)}) 11... Qc8 12. Nc3 Na5 13. Ba2 c5 14. b4 Nb7 15. Nd5 Nxd5 16. Bxd5 Bc6 17. Bb3 Kh8 18. g4 a5 19. c3 a4 20. Ba2 f5 21. gxf5 Rxf5 22. exf5 Qxf5 23. Nh2 Rf8 24. f3 c4 25. Re4 cxd3 26. Qf1 Bg5 27. Qg2 Bxd2 28. Qxd2 Bxe4 29. fxe4 Qxe4 30. Rf1 Rf4 31. Rxf4 exf4 32. Bb1 Qg6+ 33. Kf1 f3 34. Nxf3 Qf5 35. Qxd3 Qxh3+ 36. Kf2 1-0

[Event "45th Olympiad 2024"]
[Site "Budapest HUN"]
[Date "2024.09.12"]
[Round "2.43"]
[Board "4"]
[White "Mariano, Fabian Glen"]
[Black "Kostolansky, Sebastian Lukas"]
[Result "0-1"]
[WhiteElo "2121"]
[BlackElo "2405"]
[PlyCount "48"]
[EventDate "2024.09.11"]
[WhiteTeam "Indonesia"]
[BlackTeam "Slovakia"]
[WhiteTeamCountry "INA"]
[BlackTeamCountry "SVK"]

1. e4 c5 2. Nf3 e6 3. d4 cxd4 4. Nxd4 Nc6 5. Nc3 Qc7 6. Be3 a6 7. Qf3 Bd6 8. O-O-O Be5 9. g3 Nge7 10. Qe2 b5 ({RR} 10... Bxd4 11. Bxd4 Nxd4 12. Rxd4 e5 13. Rd1 b5 14. Bh3 O-O 15. Nd5 Nxd5 16. Rxd5 d6 17. Bxc8 Raxc8 18. Rhd1 Rfd8 19. Kb1 h6 20. a3 Qb6 21. Qd2 Rc6 22. c3 Re8 23. f3 Re6 24. h4 Rg6 25. g4 {1-0 Anand,V (2756)-Svidler,P (2729) Amsterdam Levitov blitz 2019 (1)}) 11. Nxc6 $146 ({RR} 11. f4 Bxd4 12. Bxd4 Nxd4 13. Rxd4 Bb7 14. Bg2 O-O 15. Rhd1 Bc6 16. e5 Rad8 17. Ne4 h6 18. Nd6 f6 19. exf6 Rxf6 20. Kb1 Bxg2 21. Qxg2 Nd5 22. Rxd5 exd5 23. Qxd5+ Kh7 24. Qd3+ Kh8 25. f5 Qc6 {½-½ Bobras,P (2500)-Mastrovasilis,D (2614) POL-chT Ekstraliga 2021 (3.1)}) ({RR} 11. f4 Bxd4 12. Bxd4 Nxd4 13. Rxd4 O-O 14. Bg2 Nc6 15. Rd2 b4 16. Na4 d6 17. e5 dxe5 18. Qe4 b3 19. a3 Bb7 20. Nc5 Rac8 21. Qa4 Na5 22. Bxb7 Nxb7 23. Nxb3 exf4 24. Qxa6 e5 25. gxf4 exf4 {1-0 Sargsyan,A (2371)-Toncheva,N (2192) 23rd ch-EUR Indiv w 2023 (6.17)}) ({RR} 11. f4 Bxd4 12. Bxd4 Nxd4 13. Rxd4 Rb8 14. Qd2 O-O 15. Bg2 Qa5 16. Kb1 b4 17. Ne2 d5 18. exd5 Nxd5 19. Bxd5 exd5 20. Rxd5 Qb6 21. Rd1 Bg4 22. h3 Bxh3 23. g4 Bxg4 24. f5 Qf2 25. Qg5 Bxe2 {0-1 Espinosa Veloz,E (2485)-Chigaev,M (2615) Titled Tuesday intern op 24th Nov blitz 2020 (3)}) 11... Qxc6 12. Bd4 Bxd4 13. Rxd4 Qc5 14. Rd2 Bb7 15. Bg2 b4 16. Nd1 Bc6 17. Ne3 O-O 18. Qd3 Qa5 19. Kb1 Bb5 20. Nc4 Bxc4 21. Qxc4 b3 22. Rd3 Qxa2+ 23. Kc1 Rab8 24. c3 Rfc8 0-1

[Event "45th Olympiad 2024"]
[Site "Budapest HUN"]
[Date "2024.09.12"]
[Round "2.44"]
[Board "1"]
[White "Laohawirapap, Prin"]
[Black "Garcia Pantoja, Roberto"]
[Result "1-0"]
[WhiteElo "2380"]
[BlackElo "2550"]
[PlyCount "135"]
[EventDate "2024.09.11"]
[WhiteTeam "Thailand"]
[BlackTeam "Colombia"]
[WhiteTeamCountry "THA"]
[BlackTeamCountry "COL"]

1. e4 e6 2. d4 d5 3. Nd2 Be7 4. Ngf3 Nf6 5. e5 Nfd7 6. Bd3 c5 7. c3 Nc6 8. O-O a5 9. a4 O-O ({RR} 9... g5 10. dxc5 g4 11. Nd4 Ncxe5 12. Bb5 Bxc5 13. N2b3 Bd6 14. f4 gxf3 15. Nxf3 Ng6 16. Ng5 f5 17. Nd4 O-O 18. Ndxe6 Qb6+ 19. Kh1 Re8 20. Qxd5 Nf6 21. Qxf5 Bxe6 22. Nxe6 Rf8 23. Nxf8 Rxf8 24. Bh6 {1-0 Vachier Lagrave,M (2758)-Williams,S (2455) Titled Tuesday intern op 6th Oct blitz 2015 (3)}) 10. Re1 f6 11. Qc2 $146 ({RR} 11. exf6 Nxf6 12. Ng5 cxd4 13. Nxe6 Bxe6 14. Rxe6 dxc3 15. bxc3 Bc5 16. Nf1 Ne4 17. Be3 Bxe3 18. Nxe3 Ng5 19. Qh5 Rf7 20. Rd1 Nxe6 21. Bxh7+ Kf8 22. Bg6 Nf4 23. Qh8+ Ke7 24. Qh4+ Kf8 25. Qh8+ Ke7 {0-1 Semenova,E (2278)-Grebnev,A (2457) Cheliabinsk Lozovatsky Memorial-A 2022 (5)}) ({RR} 11. exf6 Nxf6 12. Nf1 cxd4 13. cxd4 Qb6 14. Ng3 Ng4 15. Be3 e5 16. dxe5 Nxe3 17. Rxe3 Bc5 18. Bxh7+ Kh8 19. Rb3 Nb4 20. Ng5 Bxf2+ 21. Kh1 Qh6 22. Qc1 Bg4 23. e6 Bxe6 24. Nxe6 Qxe6 25. Bf5 Qh6 {½-½ Tschernatsch,J (2319)-Wachinger,N (2446) 94th ch-GER 2023 (4.13)}) 11... f5 12. dxc5 Qc7 13. Nb3 Ndxe5 14. Nxe5 Nxe5 15. h3 Nxd3 16. Qxd3 Bxc5 17. Nxc5 Qxc5 18. Bf4 Bd7 19. h4 Rf6 20. h5 Rc8 21. Bg5 Rf7 22. Qg3 Qc4 23. Bf4 h6 24. Re3 Kh8 25. Ra3 Rcf8 26. b3 Qc6 27. Ra1 Qb6 28. Ra3 d4 29. cxd4 Qxd4 30. Re1 Bc6 31. Raa1 Bd5 32. Rac1 Qf6 33. Rc5 Kh7 34. Rec1 Rd7 35. Rc7 Rfd8 36. Rxd7 Rxd7 37. Qe3 Qh4 38. Rc7 Rxc7 39. Bxc7 Qxh5 40. f3 Qe8 41. Bxa5 Qc6 42. Bd2 Qc2 43. Bc3 Qd1+ 44. Kh2 Bxb3 45. Bd4 Kg6 46. Qe5 Kf7 47. Qc7+ Ke8 48. Qc8+ Ke7 49. Qxb7+ Kd6 50. Qb6+ Kd7 51. Be5 Ke8 52. Bd6 Qe1 53. Bg3 Qc3 54. Qb8+ Kf7 55. Be5 Qc4 56. Qb7+ Ke8 57. Qa8+ Kf7 58. f4 Bxa4 59. Qb7+ Ke8 60. Qxg7 Kd8 61. Qb7 Bd7 62. Qb8+ Qc8 63. Bf6+ Ke8 64. Qd6 Kf7 65. Qe7+ Kg6 66. Qg7+ Kh5 67. g4+ fxg4 68. Qf7# 1-0

[Event "45th Olympiad 2024"]
[Site "Budapest HUN"]
[Date "2024.09.12"]
[Round "2.46"]
[Board "1"]
[White "Pereira, Sergio"]
[Black "Delgado Rosas, Alex Antonio"]
[Result "0-1"]
[WhiteElo "1988"]
[BlackElo "2157"]
[PlyCount "108"]
[EventDate "2024.09.11"]
[WhiteTeam "Sao Tome and Principe"]
[BlackTeam "Panama"]
[WhiteTeamCountry "SAO"]
[BlackTeamCountry "PAN"]

1. e4 c5 2. Nc3 e6 3. Nge2 Nc6 4. d4 cxd4 5. Nxd4 Nf6 6. a3 Qc7 7. Be2 a6 8. Be3 Be7 9. O-O O-O 10. f4 d6 11. Kh1 Bd7 12. Nb3 Rac8 ({RR} 12... b5 13. Bf3 Rab8 14. Qe2 Rfc8 15. g4 b4 16. axb4 Nxb4 17. g5 Ne8 18. Rg1 d5 19. exd5 Nxd5 20. Nxd5 exd5 21. Rg2 a5 22. Nd4 Bc5 23. c3 Nd6 24. Bxd5 Re8 25. Qf3 Nc4 26. Bg1 Nb6 27. Ba2 {0-1 Nagarkatte Vedant (2345)-Mohammad,N (2432) Qatar Masters Open 2023 (8.62)}) 13. a4 $146 ({RR} 13. Qe1 b5 14. Qf2 Rb8 15. g4 b4 16. axb4 Nxb4 17. Bf3 d5 18. e5 Ne4 19. Bxe4 dxe4 20. Rfd1 Bc6 21. Kg1 Ba8 22. Rd4 Nd5 23. Nxd5 Bxd5 24. Rxa6 f6 25. exf6 Bxf6 26. Rd1 Bxb2 27. Ra7 Rb7 {0-1 Pappelis,D (1994)-Pavlidis,A (2278) GRE-ch U18 Greece 2009 (8)}) ({RR} 13. Bd3 Rfd8 14. Qf3 e5 15. Nd5 Nxd5 16. exd5 f5 17. dxc6 Bxc6 18. Qf2 {1-0 Jimenez Zerquera,E-Gadia,O Pan American-ch 1966}) 13... Nb4 14. Nd4 d5 15. e5 Ne4 16. Nxe4 dxe4 17. c3 Nd5 18. Qd2 Bc5 19. Bg1 g5 20. Be3 Kh8 21. a5 Be8 22. Bg4 Rg8 23. h3 Rd8 24. Rae1 Bf8 25. f5 Qxe5 26. Nc6 Nxe3 27. Nxe5 Rxd2 28. Rxe3 exf5 29. Nc4 Bc5 30. Nxd2 Bxe3 31. Nc4 Bf4 32. Bxf5 Bb5 33. b3 Bxc4 34. bxc4 Re8 35. Re1 e3 36. Re2 h5 37. Kg1 Re5 38. Bc8 h4 39. Bxb7 Rxa5 40. g4 hxg3 41. Kg2 Kg7 42. Kf3 Ra1 43. h4 a5 44. hxg5 Rf1+ 45. Kg2 Rf2+ 46. Rxf2 gxf2 47. c5 a4 48. Bd5 Bxg5 49. Bc4 a3 50. c6 Bd8 51. Ba2 f5 52. c4 f4 53. c5 f3+ 54. Kf1 Bh4 0-1

[Event "45th Olympiad 2024"]
[Site "Budapest HUN"]
[Date "2024.09.12"]
[Round "2.47"]
[Board "2"]
[White "Ayyad, Maher"]
[Black "Ouakhir, Mehdi Pierre"]
[Result "0-1"]
[WhiteElo "1980"]
[BlackElo "2191"]
[PlyCount "72"]
[EventDate "2024.09.11"]
[WhiteTeam "Bahrain"]
[BlackTeam "Morocco"]
[WhiteTeamCountry "BHN"]
[BlackTeamCountry "MAR"]

1. d4 d5 2. Nf3 Nf6 3. Bf4 Bf5 4. e3 e6 5. Ne5 h6 ({RR} 5... Be7 6. g4 Bg6 7. h4 h6 8. Nxg6 fxg6 9. Bd3 Kf7 10. c3 Nbd7 11. Nd2 Nf8 12. Rg1 N6d7 13. Nf3 Rc8 14. Qe2 Bd6 15. O-O-O Qe7 16. Bg3 c5 17. Bxd6 Qxd6 18. e4 c4 19. Bc2 b5 20. exd5 {½-½ Ayyad,M (2074)-Bouaziz,M (2075) Arab-ch Dubai 2005 (6)}) 6. Bd3 ({RR} 6. g4 Bh7 7. h4 Nfd7 8. Bd3 Bxd3 9. Qxd3 Nxe5 10. dxe5 c5 11. c4 Nc6 12. a3 Qa5+ 13. Nd2 dxc4 14. Qxc4 Rd8 15. O-O-O Be7 16. Nb3 Rxd1+ 17. Rxd1 Qb6 18. h5 O-O 19. Kc2 Rd8 20. Rxd8+ Nxd8 {0-1 Tristan,L (2531)-Spata,G (2399) Titled Tue 30th Jul Late 2024 (4)}) 6... Bxd3 7. Qxd3 ({RR} 7. cxd3 Nbd7 8. Qb3 Nxe5 9. Bxe5 Rb8 10. Nd2 Bd6 11. Rc1 O-O 12. O-O Bxe5 13. dxe5 Nd7 14. d4 c5 15. Qa3 a6 16. Nf3 c4 17. b3 b5 18. Qxa6 Qc7 19. bxc4 bxc4 20. Rb1 Ra8 21. Qb7 Rfc8 {1-0 Salinas Herrera,P (2485)-Injac,T (2424) Titled Tue 18th Jun Early 2024 (9)}) 7... c6 8. O-O $146 ({RR} 8. Nd2 Nbd7 9. h3 Be7 10. O-O O-O 11. c3 c5 12. Nxd7 {½-½ Sielaff,R (2042)-Rickers,G (2025) GER-chT Seniors 08th 1999 (3.4)}) ({RR} 8. Nd2 Nbd7 9. O-O-O Nxe5 10. Bxe5 Bd6 11. Bxd6 Qxd6 12. c4 O-O-O 13. Kb1 Kb8 14. c5 Qc7 15. f4 Rhe8 16. Rhg1 h5 17. h3 h4 18. Rc1 Rh8 19. b4 Kc8 20. Rc3 Kd7 21. b5 Ke7 22. Rb3 Rb8 {1-0 Trmal,J (2293)-Cmiko,J (2093) Klatovy op-A 2005 (2)}) 8... Nbd7 9. Nxd7 Qxd7 10. Nd2 Bd6 11. Bxd6 Qxd6 12. e4 dxe4 13. Nxe4 Nxe4 14. Qxe4 O-O 15. c3 Rfd8 16. Rfe1 Rd7 17. Re3 c5 18. dxc5 Qxc5 19. Rd3 Rad8 20. Rad1 Rxd3 21. Rxd3 Rxd3 22. Qxd3 g5 23. h4 Kg7 24. hxg5 hxg5 25. b4 Qe5 26. g3 b5 27. Kf1 g4 28. Qe2 Qg5 29. Qe3 Qxe3 30. fxe3 Kf6 31. Ke2 Ke5 32. Kd3 f5 33. c4 bxc4+ 34. Kc3 Kd5 35. a4 e5 36. a5 a6 0-1

[Event "45th Olympiad 2024"]
[Site "Budapest HUN"]
[Date "2024.09.12"]
[Round "2.47"]
[Board "4"]
[White "Shaker, Musab"]
[Black "NAIT ELASRI BRAHIM"]
[Result "1-0"]
[WhiteElo "1757"]
[BlackElo "1994"]
[PlyCount "75"]
[EventDate "2024.09.11"]
[WhiteTeam "Bahrain"]
[BlackTeam "Morocco"]
[WhiteTeamCountry "BHN"]
[BlackTeamCountry "MAR"]

1. d4 Nf6 2. Nf3 g6 3. Bf4 Bg7 4. e3 d6 5. Be2 O-O 6. c4 Nc6 ({RR} 6... b6 7. Nc3 Bb7 8. O-O Nbd7 9. Rc1 Ne4 10. Nxe4 Bxe4 11. b4 e5 12. Bg5 Bf6 13. Bxf6 Qxf6 14. Nd2 Bb7 15. Nb3 c5 16. bxc5 bxc5 17. Na5 Ba6 18. dxe5 Nxe5 19. Qd5 Rab8 20. Rb1 Qe6 21. Qxe6 {1-0 Sokhor,N (2090)-Hoogeveen,L (1749) exe Slovakia Open 2024 (1.54)}) 7. Nc3 h6 ({RR} 7... Nd7 8. O-O e5 9. Bg3 f5 10. Bh4 Bf6 11. Bxf6 Qxf6 12. Nd5 Qd8 13. dxe5 dxe5 14. b4 a5 15. a3 Ne7 16. c5 e4 17. Nxe7+ Qxe7 18. Bc4+ Kg7 19. Qd4+ Qf6 20. Qxf6+ Kxf6 21. Nd4 Ne5 22. Be2 {1-0 Galkin,A (2611)-Afanasiev,N (2517) Wch Blitz Moscow 2019 (17)}) 8. h3 a6 $146 ({RR} 8... Nd7 9. d5 Nce5 10. Nd2 Nc5 11. Nb3 Nxb3 12. axb3 c5 13. O-O a6 14. Bg3 Rb8 15. f4 Nd7 16. Qc2 f5 17. e4 b5 18. exf5 gxf5 19. Bd3 bxc4 20. bxc4 Qb6 21. Na4 Qb3 22. Qe2 Bxb2 23. Nxb2 {1-0 Vazquez Igarza,R (2597)-Gascon del Nogal,J (2370) Caracas 2014 (2)}) 9. O-O Qe8 10. Re1 e5 11. Bh2 e4 12. Nd2 h5 13. Nd5 Nxd5 14. cxd5 Nb4 15. Qb3 a5 16. Rac1 Qe7 17. a3 Nd3 18. Bxd3 exd3 19. Qxd3 f5 20. Rc3 b6 21. Rec1 Ra7 22. Qc2 Rf7 23. a4 g5 24. Nc4 Bb7 25. Na3 Bxd5 26. Nb5 Be4 27. Qb3 c6 28. Nxa7 Qxa7 29. Bxd6 g4 30. hxg4 fxg4 31. Rxc6 Bxc6 32. Rxc6 Kh7 33. Qd3+ Kg8 34. Rc8+ Rf8 35. Bxf8 Bxf8 36. Qg6+ Qg7 37. Qxg7+ Kxg7 38. Rc6 1-0